<?xml version="1.0" encoding="UTF-8"?>
<marc:record xmlns:marc="http://www.loc.gov/MARC21/slim">
   <marc:leader>00000nam a2200000 a 4500</marc:leader>
   <marc:datafield ind1=" " ind2=" " tag="653">
      <marc:subfield code="a">150 $s Alter : 03-06 Jahre ; Kindergartenalter</marc:subfield>
   </marc:datafield>
   <marc:datafield ind1=" " ind2=" " tag="653">
      <marc:subfield code="a">Spiele, Karten-</marc:subfield>
   </marc:datafield>
   <marc:datafield ind1=" " ind2=" " tag="653">
      <marc:subfield code="a">Spiele, Geschicklichkeits-</marc:subfield>
   </marc:datafield>
   <marc:datafield ind1="0" ind2="0" tag="245">
      <marc:subfield code="a">Kleiner Eisbär, auf in die Sonne!</marc:subfield>
   </marc:datafield>
   <marc:datafield ind1="0" ind2="0" tag="245">
      <marc:subfield code="b">der wackelige Kartenspaß!</marc:subfield>
   </marc:datafield>
   <marc:datafield ind1=" " ind2="1" tag="264">
      <marc:subfield code="a">Berlin</marc:subfield>
      <marc:subfield code="b">Schmid</marc:subfield>
   </marc:datafield>
   <marc:datafield ind1="1" ind2=" " tag="520">
      <marc:subfield code="a">Lars und seine Freunde genießen die Sommersonne. Auf den rutschigen Eisbergen kann es dabei ganz schön eng werden. Und schwups! Schneller als gedacht, landet ein Eisbärfreund im Wasser. Wollt ihr den Freunden helfen, die besten Sonnenplätze zu ergattern? Dann nichts wie losgespielt! Stellt eure Karten geschickt an den Eisberg und gewinnt die Partie. </marc:subfield>
   </marc:datafield>
   <marc:datafield ind1=" " ind2=" " tag="041">
      <marc:subfield code="a">ger</marc:subfield>
   </marc:datafield>
   <marc:datafield ind1="1" ind2=" " tag="521">
      <marc:subfield code="a">ab 5 Jahren</marc:subfield>
   </marc:datafield>
   <marc:datafield ind1="1" ind2=" " tag="521">
      <marc:subfield code="a">0</marc:subfield>
   </marc:datafield>
   <marc:datafield ind1=" " ind2=" " tag="300">
      <marc:subfield code="a">2 Eisberge ; 55 Karten ;  6 Chips ; 6 Kunststoffstecker ; 1 Aufkleberbogen ; 1 Spielanleitung</marc:subfield>
   </marc:datafield>
</marc:record>
